(Ne)efektivita slovenského zdravotníctva diplomová práca

Guardado en:
Detalles Bibliográficos
Autor principal: Nôta, Lukáš
Autor Corporativo: Národohospodárska fakulta EU. Katedra hospodárskej politiky
Otros Autores: Nežinský, Eduard, 1972-
Formato: Libro
Lenguaje:eslovaco
Publicado: Bratislava 2025
Etiquetas: Agregar Etiqueta
Sin Etiquetas, Sea el primero en etiquetar este registro!

MARC

LEADER 00000nbm a2200000 4500
001 0309499
005 20260205112853.4
041 0 |a slo 
044 |a SK 
245 1 0 |a (Ne)efektivita slovenského zdravotníctva  |b diplomová práca  |c Lukáš Nôta ; školiteľ: Eduard Nežinský 
264 1 |a Bratislava  |c 2025 
300 |a 61 s. 
100 1 |a Nôta, Lukáš 
700 1 |a Nežinský, Eduard, 1972- 
710 2 |a Národohospodárska fakulta EU. Katedra hospodárskej politiky